UBT Library

The engineering student survival guide / (Record no. 828)

000 -LEADER
fixed length control field 00479nam a22001817a 4500
005 - DATE AND TIME OF LATEST TRANSACTION
control field 20150519094457.0
008 - FIXED-LENGTH DATA ELEMENTS--GENERAL INFORMATION
fixed length control field 150519b xxu||||| |||| 00| 0 eng d
041 0# - LANGUAGE CODE
Language code of text/sound track or separate title eng
080 ## - UNIVERSAL DECIMAL CLASSIFICATION NUMBER
Universal Decimal Classification number 62-19
082 ## - DEWEY DECIMAL CLASSIFICATION NUMBER
Edition number 22
100 ## - Rafti
Rafti Donaldson, Krista
245 ## - TITLE STATEMENT
Title The engineering student survival guide /
Statement of responsibility, etc Krista Donaldson.
260 ## -
-- 3rd ed.
-- McGraw-Hill,
-- c2005.
300 ## -
-- xiv, 205 f. :
-- me il.;
-- 23 cm.
650 #0 -
-- inxhinieria
700 ## -
-- Krista Don.
942 ## - ADDED ENTRY ELEMENTS (KOHA)
Source of classification or shelving scheme
Item type Books
Holdings
Withdrawn status Lost status Source of classification or shelving scheme Damaged status Not for loan Collection code Permanent location Current location Shelving location Date acquired Total Checkouts Full call number Date last seen Price effective from Koha item type
          Koleksioni i përgjithshem UBT - Lipjan UBT - Lipjan Koleksioni i lëndeve mesimore 05/19/2015   62-19 DON 05/19/2015 05/19/2015 Books
UBT Library © 2015-2024. All rights reserved University Education for Business and Technology